Quiz histoire alphabet #9 - Statistiques

Statistiques générales
  • Ce quiz a été pris 95 fois
  • Le résultat moyen est 12 sur 26
Statistiques - réponses
Lettre Indice Réponse % Correct
J Compétition sportive mondiale ayant ses racines dans la Grèce antique Jeux Olympiques
87%
U Héros de l'Iliade et de l'Odyssée dont l'objectif est de retrouvé son île : Ithaque Ulysse
87%
V Célèbre château français construit sous Louis XIV Versailles
87%
D Fleuve qui traverse 10 pays européens et qui prend sa source en Allemagne Danube
84%
F Militaire espagnol qui y instaura un régime dictatorial Francisco Franco
84%
A Fils de Philippe II, roi de Macédoine, il s'agit de l'un des plus grands conquérants de l'Histoire Alexandre le Grand
83%
T Régime autoritaire et sanguinaire instauré par Robespierre après la Révolution française Terreur
76%
R Ile grecque dont il était supposé qu'elle possédait une statue colossale à l'entrée d'un de ses ports Rhodes
75%
W Collectivité d'outre-mer française composée de trois îles Wallis et Futuna
71%
Q Capitale de l'Equateur Quito
67%
G Ancienne région de France connue pour sa "Bête" ayant commis de nombreuses attaques au XVIIIème siècle Gévaudan
60%
E Grand mathématicien de la Grèce antique ses travaux sont majeurs en géométrie et en arithmétique Euclide
55%
S Langue d'Afrique de l'Est Swahili
54%
P Supercontinent ayant regroupé presque toutes les terres émergées Pangée
51%
N Ville chinoise qui sera prise par les Japonais en 1937 amenant à un massacre d'ampleur Nankin
41%
L Célèbre compositeur et pianiste allemand connu pour ses symphonies Ludwig van Beethoven
30%
B Fondateur d'Israël et son premier Premier ministre David Ben Gourion
24%
I Terme latin désignant le pouvoir suprême dans la Rome antique Imperium
19%
M Créateur mythologique perse composée d'un corps de lion, un visage humain, des ailes de chauve-souris et une queue de scorpion Manticore
12%
Y Minorité ethnique originaire de Mésopotamie et parlant le kurde Yézidi
7%
H Homme d'Etat albanais, fondateur du Parti communiste d'Albanie Enver Hoxha
5%
O Important daimyo de la période Sengoku du Japon Oda Nobunaga
5%
X Courte épée utilisée dans la Grèce antique Xiphos
2%
Z Personnage de la Genèse et fils du patriarche Jacob Zabulon
2%
C Seul président américain à avoir fait deux mandats non consécutifs Grover Cleveland
1%
K Loi du sang albanaise incarnant l'expression "œil pour œil, dent pour dent" Kanun
1%
Aucun quiz correspondant
Distribution des résultats
% des personnes avec chaque résultat
Percentile par nombre de réponses
Votre historique - résultats
Vous n’avez pas pris ce quiz